000 00519nam a2200181 i 4500
001 87259
003 ES-MaACL
005 20230906175631.0
007 t|
008 041220s1972 sp ||||1| spa d
100 1 _aKobler, John.
_968391
245 1 0 _aCapone /
_cpor John Kobler ; [traducción de Martín Ezcurdia].
250 _a[1ª ed.].
260 _aBarcelona :
_bPlaza & Janés,
_c[1972]
300 _a509 p., 6 lám. ;
_c20 cm.
700 1 _aEzcurdia, Martín.
_948460
852 _aES-MaACL
_jC-49470
_bR.84232
999 _c87259
_d87259